[Event "AUTO-OPEN-1673"]
[Site "http://www.queenalice.com/game.php?id=644052"]
[Date "2009.8.29"]
[Round "1"]
[White "landscapsy"]
[Black "jboaventura"]
[Result "1-0"]
[WhiteElo "1561"]
[BlackElo "1500"]

1. d4 e6 2. e4 d5 3. c4 Qh4 4. e5 Bb4+ 5. Nc3 dxc4 6. Nf3 Qh5 7. Be2 Bxc3+ 8.
bxc3 c6 9. O-O f6 10. Bxc4 b5 11. Be2 fxe5 12. Nxe5 Qf5 13. Bg4 Qf6 14. Bf3 Ne7
15. c4 bxc4 16. Nxc4 O-O 17. Ne5 a5 18. Bb2 Rd8 19. Qc2 g6 20. Nxc6 Nbxc6 21.
Bxc6 Nxc6 22. Qxc6 Ba6 23. Rfe1 Rdc8 24. Qxe6+ Qf7 25. d5 Re8 26. Qxf7+ Kxf7 27.
Ba3 Rad8 28. d6 a4 29. Rec1 Rd7 30. Rc7 Bb5 31. h3 Kf6 32. Rb1 Rxc7 33. dxc7 Ke6
34. Rxb5 Rc8 35. Rb6+ Kd7 36. Bd6 Ra8 37. Bg3 Rc8 38. Rb7 Kc6 39. Ra7 h5 40.
Rxa4 1-0

[Event "AUTO-OPEN-1673"]
[Site "http://www.queenalice.com/game.php?id=644053"]
[Date "2009.8.29"]
[Round "1"]
[White "jboaventura"]
[Black "landscapsy"]
[Result "0-1"]
[WhiteElo "1500"]
[BlackElo "1523"]

1. e4 e5 2. d3 Nf6 3. Bg5 Be7 4. Bxf6 Bxf6 5. Qf3 O-O 6. Nc3 c6 7. O-O-O Na6 8.
h4 Nc7 9. g4 Bxh4 10. Nh3 d6 11. g5 Bxg5+ 12. Nxg5 Qxg5+ 13. Rd2 Ne6 14. Qh3 h6
15. Be2 Nd4 16. Qf1 b5 17. Nb1 Bg4 18. f3 Be6 19. c3 Nxe2+ 20. Qxe2 Bxa2 21. Na3
a5 22. b3 Bxb3 23. Kb2 Be6 24. c4 b4 25. Nc2 d5 26. exd5 cxd5 27. cxd5 Bxd5 28.
Rdd1 Qf6 29. Ne1 e4+ 30. Kc2 Rac8+ 31. Kd2 exf3 32. Qf2 b3 33. Rh3 Rc2+ 34. Nxc2
bxc2 35. Kxc2 Rb8 36. Rh5 Rb2+ 0-1

[Event "AUTO-OPEN-1673"]
[Site "http://www.queenalice.com/game.php?id=644074"]
[Date "2009.8.29"]
[Round "1"]
[White "Dean20"]
[Black "jboaventura"]
[Result "1-0"]
[WhiteElo "1598"]
[BlackElo "1513"]

1. e4 e5 2. f4 exf4 3. Bc4 Qe7 4. Nc3 Qh4+ 5. Kf1 d6 6. Nf3 Qh5 7. Nd5 Kd8 8.
Kf2 c6 9. Nxf4 Qc5+ 10. d4 Qxc4 11. b3 Qc3 12. Bd2 Qb2 13. a3 Bg4 14. Nd3 Qxd4+
15. Be3 Qxe4 16. Nc5 Qd5 17. Nd3 Nh6 18. Re1 Be7 19. c4 Bh4+ 20. Kf1 Bxe1 21.
cxd5 Bc3 22. h3 Bxa1 23. Qxa1 Bxf3 24. gxf3 cxd5 25. Qxg7 1-0

[Event "AUTO-OPEN-1673"]
[Site "http://www.queenalice.com/game.php?id=644075"]
[Date "2009.8.29"]
[Round "1"]
[White "jboaventura"]
[Black "Dean20"]
[Result "0-1"]
[WhiteElo "1519"]
[BlackElo "1556"]

1. e4 e6 2. e5 d6 3. f4 dxe5 4. fxe5 Qh4+ 5. Ke2 Qe4+ 6. Kf2 Bc5+ 7. Kg3 Qxe5+
8. Kh3 Qf6 9. Bb5+ c6 10. Bd3 e5+ 11. g4 h5 12. Kg2 Qf2+ 0-1

[Event "AUTO-OPEN-1673"]
[Site "http://www.queenalice.com/game.php?id=644086"]
[Date "2009.8.29"]
[Round "1"]
[White "johnunes"]
[Black "jboaventura"]
[Result "1-0"]
[WhiteElo "1891"]
[BlackElo "1500"]

1. d4 e6 2. e4 d5 3. Nc3 c6 4. Nf3 Bb4 5. e5 Bxc3+ 6. bxc3 h6 7. Bd3 g5 8. O-O
g4 9. Nd2 h5 10. f3 f5 11. exf6 Nxf6 12. fxg4 hxg4 13. Bg6+ Kd7 14. Ba3 Qg8 15.
Rxf6 Rh4 16. Rf7+ Kd8 17. Rf8+ 1-0

[Event "AUTO-OPEN-1673"]
[Site "http://www.queenalice.com/game.php?id=644087"]
[Date "2009.8.29"]
[Round "1"]
[White "jboaventura"]
[Black "johnunes"]
[Result "0-1"]
[WhiteElo "1498"]
[BlackElo "1951"]

1. e4 e6 2. e5 d5 3. d4 c5 4. dxc5 Bxc5 5. Be3 Bxe3 6. fxe3 Ne7 7. Bb5+ Bd7 8.
Qd3 O-O 9. Nh3 Bxb5 10. Qxb5 Nf5 11. Qxb7 Nd7 12. O-O Nxe5 13. Nc3 Nxe3 14. Rf4
Ng6 15. Rf3 d4 16. Nb5 Rb8 17. Qa6 Nh4 18. Rf4 Qd5 19. Rf2 Rxb5 20. Nf4 Qb7 21.
Qxb7 Rxb7 22. g3 Ng6 23. b3 Nxf4 24. Rxf4 Nxc2 0-1

[Event "Mais uma JP?"]
[Site "http://www.queenalice.com/game.php?id=645037"]
[Date "2009.8.31"]
[Round "-"]
[White "jboaventura"]
[Black "laoziller"]
[Result "0-1"]
[WhiteElo "1504"]
[BlackElo "1749"]

1. e4 e5 2. d3 h6 3. Qh5 Qf6 4. g4 Bb4+ 5. Bd2 Bxd2+ 6. Nxd2 d6 7. O-O-O Qxf2 8.
Nh3 Qf6 9. g5 Qe6 10. Nb3 Qg4 11. Qxg4 Bxg4 12. Rd2 Bxh3 13. Bxh3 hxg5 14. Bg2
Nc6 15. c3 O-O-O 16. h3 Nf6 17. Bf3 g4 18. Bg2 gxh3 19. d4 hxg2 0-1

[Event "Challenge"]
[Site "http://www.queenalice.com/game.php?id=646402"]
[Date "2009.9.2"]
[Round "-"]
[White "jboaventura"]
[Black "ecsousa"]
[Result "1-0"]
[WhiteElo "1496"]
[BlackElo "1240"]

1. e4 e5 2. Nf3 d6 3. h3 f6 4. Bc4 Ne7 5. d3 c6 6. g4 b5 7. Bb3 a5 8. a4 b4 9.
g5 c5 10. gxf6 gxf6 11. h4 Bg4 12. h5 h6 13. Nbd2 Bxf3 14. Qxf3 Rg8 15. Bxg8
Nxg8 16. Rg1 Ne7 17. Qxf6 Nbc6 18. Nc4 Nc8 19. Qg6+ Kd7 20. Bxh6 N8e7 21. Qg4+
Kc7 22. Bxf8 Qxf8 23. Qe6 Rd8 24. h6 Nd4 25. Qh3 Nxc2+ 26. Ke2 Nxa1 27. Rxa1 Ng6
28. Qe3 Nf4+ 29. Kd2 Qxh6 30. Nxa5 Qh4 31. Rf1 Ng2 32. Qf3 Qg5+ 33. Kd1 Ne3+ 34.
fxe3 Rg8 35. Qf7+ Kc8 36. Qb7+ Kd8 37. Nc6+ Ke8 38. Qf7# 1-0

[Event "1500 rating challenge"]
[Site "http://www.queenalice.com/game.php?id=657912"]
[Date "2009.9.25"]
[Round "-"]
[White "LukeKovacs"]
[Black "jboaventura"]
[Result "0-1"]
[WhiteElo "1354"]
[BlackElo "1479"]

1. d3 e5 2. Nh3 f6 3. c3 b5 4. g4 d5 5. c4 dxc4 6. Bg2 c6 7. O-O a5 8. dxc4 Qxd1
9. Rxd1 bxc4 10. f4 Bc5+ 11. e3 Bxg4 12. Re1 exf4 13. Nxf4 Ra6 14. Ne6 Bxe6 15.
Kh1 Nh6 16. Nc3 Bb4 17. Bd2 Bxc3 18. Bxc3 Bd5 19. e4 Bf7 20. e5 O-O 21. e6 Be8
22. e7 Rf7 23. b4 Ra7 24. Bf1 Rfxe7 25. Bxc4+ Bf7 26. Bxf7+ Kxf7 27. Rxe7+ Rxe7
28. bxa5 Ng4 29. Rb1 Re8 30. Bd4 h5 31. Ba7 Nd7 32. a6 Ra8 33. Rb7 Ke6 34. Kg2
g5 35. h3 c5 36. hxg4 hxg4 37. Kg3 f5 38. Rc7 Kd6 39. Rb7 c4 40. Be3 Nc5 41.
Bxc5+ Kxc5 42. Rc7+ Kd4 43. Rd7+ Kc3 44. Rd6 Rc8 45. a7 Ra8 46. Rd7 Kb4 47. Rb7+
Ka3 48. Rc7 Kxa2 49. Rxc4 Rxa7 50. Rc2+ Kb3 51. Rh2 Rg7 52. Re2 Rh7 53. Re3+ Kc4
54. Re5 Rf7 55. Re6 f4+ 56. Kf2 g3+ 57. Kf1 f3 58. Re4+ Kd3 59. Rg4 Ke3 60. Rxg3
Rc7 61. Kg1 Rc2 62. Kh1 Kf4 63. Rg1 g4 64. Rd1 Kg3 65. Rg1+ Rg2 66. Rf1 Rh2+ 67.
Kg1 f2+ 68. Rxf2 Rxf2 69. Kh1 Rf1# 0-1

[Event "Desempate"]
[Site "http://www.queenalice.com/game.php?id=660315"]
[Date "2009.9.29"]
[Round "-"]
[White "jboaventura"]
[Black "lupaoli"]
[Result "0-1"]
[WhiteElo "1502"]
[BlackElo "1650"]

1. e4 e5 2. d3 d5 3. exd5 Qxd5 4. c4 Qa5+ 5. Bd2 Bb4 6. Nc3 Nf6 7. f3 Nc6 8. a3
Bxc3 9. Bxc3 Qc5 10. Ne2 Be6 11. b3 O-O-O 12. Qd2 h6 13. b4 Qd6 14. b5 Qxd3 15.
bxc6 bxc6 16. Nc1 Qf5 17. Bd3 e4 18. g4 Qxf3 19. Rf1 Qxg4 20. Rb1 exd3 21. Nxd3
Qxc4 22. Rf3 Qe4+ 23. Qe2 Qh4+ 24. Kd1 Bg4 25. Kc2 Bxf3 26. Qxf3 Qxh2+ 27. Kb3
Qd6 28. Rd1 Qe6+ 0-1

[Event "CaXA"]
[Site "http://www.queenalice.com/game.php?id=668893"]
[Date "2009.10.18"]
[Round "3"]
[White "jboaventura"]
[Black "lupaoli"]
[Result "1-0"]
[WhiteElo "1455"]
[BlackElo "1648"]

1. e4 Nc6 2. d3 e5 3. c3 d6 4. Na3 h6 5. b4 Nf6 6. b5 Na5 7. f3 d5 8. exd5 Nxd5
9. Bd2 Bxa3 10. c4 Nb4 11. Qa4 b6 12. Bxb4 Bxb4+ 13. Qxb4 Qd4 14. Rb1 Bf5 15. g4
Bxd3 16. Rd1 Qe3+ 17. Be2 O-O-O 18. Qd2 Nxc4 19. Qxe3 Nxe3 20. Rxd3 Rxd3 21.
Bxd3 Rd8 22. Ke2 Ng2 23. Nh3 Nf4+ 24. Nxf4 exf4 25. Rd1 Re8+ 26. Kd2 Re5 27. Re1
Rg5 28. Re8+ Kb7 29. Be4+ c6 30. Bxc6+ Kc7 31. Re7+ Kd6 32. Rxa7 h5 33. Rd7+ Ke6
34. Rb7 hxg4 35. Rxb6 g3 36. hxg3 fxg3 37. f4 Rc5 38. Be4+ Ke7 39. a4 f5 40.
Rb7+ Kf6 41. Rb6+ Kf7 42. Rb7+ Kg8 43. Bf3 Kh7 44. a5 Kh6 45. a6 Rc4 46. a7 Rxf4
47. a8=Q Rxf3 48. Rb6+ 1-0

[Event "05 - JPB x BRP"]
[Site "http://www.queenalice.com/game.php?id=688026"]
[Date "2009.11.24"]
[Round "-"]
[White "jboaventura"]
[Black "brpaschoal"]
[Result "0-1"]
[WhiteElo "1488"]
[BlackElo "1834"]

1. e4 e5 2. d3 Bc5 3. Be3 Bxe3 4. fxe3 d6 5. h3 Qh4+ 6. Kd2 Nf6 7. Nf3 Qh6 8. c4
Bd7 9. b3 Nc6 10. a3 O-O 11. Nc3 Ng4 12. Qe2 Na5 13. Rb1 Nf6 14. Rg1 b6 15. b4
Nc6 16. g4 Qg6 17. Nh4 Qg5 18. Nf5 Bxf5 19. exf5 Nd4 20. Qd1 Nxf5 21. Qe1 Nd4
22. Bg2 Rae8 23. Kd1 Nc6 24. Bxc6 Re7 25. Nd5 Nxd5 26. Bxd5 a6 27. h4 Qf6 28. g5
Qf5 29. Be4 Qd7 30. b5 axb5 31. cxb5 d5 32. Bf3 e4 33. Bxe4 dxe4 34. h5 Qxd3+
35. Kc1 Qxa3+ 36. Kc2 Qd3+ 37. Kc1 Ra8 38. Qd2 Rd7 39. Rg2 Qf1+ 0-1

[Event "CaXA"]
[Site "http://www.queenalice.com/game.php?id=718265"]
[Date "2010.1.22"]
[Round "4"]
[White "brpaschoal"]
[Black "jboaventura"]
[Result "1-0"]
[WhiteElo "1832"]
[BlackElo "1490"]

1. e4 e5 2. Nf3 d6 3. Bc4 Be6 4. Bxe6 fxe6 5. O-O g5 6. d3 g4 7. Ng5 Qf6 8. Qxg4
h5 9. Qxe6+ Be7 10. Qc4 c6 11. Ne6 Kd7 12. Ng5 b5 13. Qf7 Nh6 14. Qxh5 Nf7 15.
Qg4+ Kc7 16. Ne6+ Kb6 17. Be3+ c5 18. Nc3 Ka5 19. Nc7 Nc6 20. Nxa8 Rxa8 21. Qd7
1-0

[Event "Challenge"]
[Site "http://www.queenalice.com/game.php?id=740074"]
[Date "2010.3.2"]
[Round "-"]
[White "ecsousa"]
[Black "jboaventura"]
[Result "0-1"]
[WhiteElo "1291"]
[BlackElo "1486"]

1. Nf3 d5 2. d4 f6 3. Bf4 b5 4. b4 g5 5. Be3 e6 6. Qd3 c6 7. g4 Bxb4+ 8. c3 a5
9. cxb4 axb4 10. Bd2 Ra4 11. a3 Na6 12. h4 f5 13. gxf5 exf5 14. Qxf5 Bxf5 15.
Nxg5 Bxb1 16. Rxb1 Rxa3 17. Bxb4 Nxb4 18. Rxb4 Ra1+ 19. Kd2 Qa5 20. Kc3 Rb1 0-1

[Event "Challenge"]
[Site "http://www.queenalice.com/game.php?id=745751"]
[Date "2010.3.13"]
[Round "-"]
[White "welf"]
[Black "jboaventura"]
[Result "0-1"]
[WhiteElo "1467"]
[BlackElo "1494"]

1. e4 e5 2. c4 Qh4 3. g3 Qxe4+ 4. Be2 Qxh1 5. Kf1 Qxh2 6. Nc3 c6 7. Bg4 Nf6 8.
Bh3 d6 9. Bxc8 Nbd7 10. Bxd7+ Nxd7 11. Ne4 g6 12. Nxd6+ Bxd6 13. d3 Qh5 14. Qe1
a5 15. Bd2 Bb4 16. a3 Bxd2 17. Qxd2 Nc5 18. Qc2 O-O 19. Re1 Rfd8 20. Qc3 f6 21.
f4 Qh2 22. fxe5 Qxg3 23. exf6 Rf8 24. Qd4 Rae8 25. Rd1 Ne6 26. Qc3 Qf4+ 27. Ke2
Nd4# 0-1

[Event "Challenge"]
[Site "http://www.queenalice.com/game.php?id=755033"]
[Date "2010.4.1"]
[Round "-"]
[White "jboaventura"]
[Black "laoziller"]
[Result "0-1"]
[WhiteElo "1509"]
[BlackElo "1843"]

1. e3 c5 2. d4 cxd4 3. exd4 d5 4. Bf4 Bf5 5. Bxb8 Qxb8 6. Bb5+ Bd7 7. a4 Bxb5 8.
axb5 Nf6 9. c3 e6 10. Qa4 b6 11. c4 Qf4 12. Ne2 Qe4 13. Nd2 Qxg2 14. Rf1 Qxh2
15. c5 Qb8 16. c6 Bd6 17. Nf3 O-O 18. Qc2 Qc8 19. Rh1 a5 20. Ng5 g6 21. Qd3 Qc7
22. Nxh7 Nxh7 23. Qh3 f5 24. f4 Qg7 25. O-O-O Ra7 26. Qe3 Qc7 27. Qxe6+ Rf7 28.
Qxg6+ Kf8 29. Rh5 Bxf4+ 30. Nxf4 Qxf4+ 31. Kb1 Rg7 32. Rxh7 Rxg6 33. Rxa7 Rg7
34. Ra8+ Ke7 35. Ra7+ Kf6 0-1

[Event "TK2 - CaXA"]
[Site "http://www.queenalice.com/game.php?id=757065"]
[Date "2010.4.6"]
[Round "1"]
[White "jboaventura"]
[Black "brpaschoal"]
[Result "0-1"]
[WhiteElo "1521"]
[BlackElo "1749"]

1. e3 e5 2. d4 e4 3. Nc3 d5 4. f4 Nf6 5. h3 Bb4 6. g4 Bxc3+ 7. bxc3 O-O 8. g5
Nfd7 9. h4 c6 10. Bh3 Qa5 11. Ne2 Nb6 12. f5 Nc4 13. h5 Na3 14. h6 g6 15. Ng3
Qxc3+ 16. Bd2 Nxc2+ 17. Kf2 Qd3 18. Bf1 Nxe3 19. Bxe3 Qxd1 20. Rxd1 gxf5 21. Nh5
Nd7 22. Nf6+ Nxf6 23. gxf6 Kh8 24. Be2 Rg8 25. Bh5 Be6 26. Rc1 Rac8 27. a4 a5
28. Bd2 b6 29. Ke3 Rg3+ 30. Kf4 Ra3 31. Bd1 Rg8 32. Rxc6 Bd7 33. Rxb6 Bxa4 34.
Kxf5 Ra1 35. Bf3 Bd7+ 36. Ke5 Ra2 37. Bxe4 dxe4 38. Kxe4 Rxd2 39. Ke3 Rdg2 40.
Rf1 a4 41. Rf2 R2g6 42. Rh2 a3 43. Ra6 Be6 44. Rxa3 Rg3+ 0-1

[Event "Challenge"]
[Site "http://www.queenalice.com/game.php?id=758269"]
[Date "2010.4.8"]
[Round "-"]
[White "faelgalodoido"]
[Black "jboaventura"]
[Result "0-1"]
[WhiteElo "1474"]
[BlackElo "1506"]

1. d4 d5 2. h3 e6 3. Nf3 f6 4. a3 Bd6 5. Nh4 g5 6. Nf3 c5 7. Qd3 c4 8. Qc3 a5 9.
e4 dxe4 10. Ne5 fxe5 11. dxe5 Bc5 12. Qxc4 Qd5 13. Nd2 Qxc4 14. Nxc4 b5 15. Nd6+
Bxd6 16. exd6 Ba6 17. Bxg5 Nc6 18. O-O-O Kd7 19. b3 h6 20. Be7 Ngxe7 21. dxe7+
Kxe7 22. Re1 a4 23. bxa4 bxa4 24. Rxe4 Bxf1 25. Rxf1 Na5 26. Rfe1 Nb3+ 27. cxb3
Rhc8+ 28. Kd2 axb3 29. Rxe6+ Kd7 30. Re7+ Kc6 31. R1e6+ Kb5 32. Re5+ Ka4 33. Re1
b2 34. Rb1 Kxa3 35. f4 Ka2 36. Ree1 Kb3 37. f5 Rc2+ 38. Kd3 Rd8+ 39. Ke4 Re8+
40. Kd3 Rxe1 41. Rxe1 Rc1 42. Kd2 Rxe1 43. Kxe1 b1=Q+ 44. Kf2 Qxf5+ 45. Kg1 Qf4
46. Kh1 Qg3 47. Kg1 Kc2 48. Kf1 Kd2 49. Kg1 Ke2 50. h4 Qxh4 51. g3 Qxg3+ 52. Kh1
Qh3+ 53. Kg1 Qh4 54. Kg2 Ke3 55. Kg1 Kf3 0-1

[Event "Challenge"]
[Site "http://www.queenalice.com/game.php?id=777558"]
[Date "2010.5.18"]
[Round "-"]
[White "jboaventura"]
[Black "faelgalodoido"]
[Result "1-0"]
[WhiteElo "1514"]
[BlackElo "1459"]

1. e4 d5 2. e5 f6 3. f4 fxe5 4. fxe5 Nh6 5. d4 Bg4 6. Be2 Bf5 7. g4 Be4 8. Bf3
Nc6 9. Bxe4 e6 10. g5 Nf7 11. Bxd5 exd5 12. h4 Bb4+ 13. c3 Be7 14. Bf4 g6 15. h5
gxh5 16. Qxh5 Qd7 17. Nf3 Qf5 18. Be3 Qe4 19. Ke2 Qc2+ 20. Nbd2 Qxb2 21. e6 Rf8
22. Qxh7 Qxc3 23. exf7+ Rxf7 24. Qg6 Nb4 25. Rh8+ Bf8 26. Qe6+ Re7 27. Qg6+ Kd7
28. Ne5+ Kd8 29. Rxf8+ Re8 30. Qxe8# 1-0

[Event "TK2 - CaXA"]
[Site "http://www.queenalice.com/game.php?id=804710"]
[Date "2010.7.17"]
[Round "2"]
[White "dandahud"]
[Black "jboaventura"]
[Result "1-0"]
[WhiteElo "1531"]
[BlackElo "1521"]

1. e4 e5 2. Qh5 Qf6 3. Nf3 g6 4. Qh3 Nc6 5. d3 Nb4 6. Na3 d5 7. Qh4 dxe4 8. dxe4
Qxh4 9. Nxh4 Be7 10. Nf3 f5 11. c3 fxe4 12. Nxe5 Nd5 13. Bc4 Ngf6 14. Nb5 Bd6
15. Bxd5 Nxd5 16. Bg5 Bxe5 17. f4 1-0

[Event "Desafio Informal"]
[Site "http://www.queenalice.com/game.php?id=805072"]
[Date "2010.7.18"]
[Round "-"]
[White "brpaschoal"]
[Black "jboaventura"]
[Result "1-0"]
[WhiteElo "1746"]
[BlackElo "1528"]

1. e4 e5 2. Nf3 d6 3. Bc4 Be6 4. Bxe6 fxe6 5. d3 Na6 6. Ng5 Qf6 7. Qf3 Qxf3 8.
gxf3 h6 9. Nxe6 Ke7 10. Nxf8 Kxf8 11. Be3 g5 12. Nc3 c6 13. O-O-O b5 14. d4 b4
15. Na4 c5 16. dxe5 dxe5 17. Nxc5 Nxc5 18. Bxc5+ Ke8 19. Bxb4 a5 20. Bd6 Rh7 21.
Bxe5 a4 22. a3 Ne7 23. Rd6 Nc8 24. Re6+ Kd7 25. Rf6 Ra5 26. Rd1+ Ke8 27. Bc3 Rb5
28. Bb4 Nb6 29. Rf8# 1-0